Star Wars Groups of Things - Statistics

General Stats
  • This quiz has been taken 211 times
  • The average score is 22 of 35
Answer Stats
Category Answer % Correct
Green
97%
Red
97%
In-Movie Lightsaber Colors Blue
96%
Purple
93%
Darth Maul
92%
Prequel Trilogy Sith Darth Sidious
91%
Empire Strikes Back Bounty Hunters Boba Fett
90%
Revenge of the Sith
89%
Darth Vader
88%
Attack of the Clones
86%
Darth Tyranus
84%
Prequel Trilogy Movies The Phantom Menace
84%
Planets (Moons) Visited in the Original Trilogy Tatooine
83%
Characters Appearing in all Main Storyline Movies C-3PO
80%
Endor
80%
R2-D2
79%
Hayden Christensen
74%
Hoth
73%
Dagobah
63%
James Earl Jones
62%
Bespin
61%
Han Solo
61%
Yavin
59%
Bossk
58%
Chewbacca
51%
IG-88
46%
Beckett's Gang Tobias Beckett
41%
Dengar
37%
David Prowse
31%
Actors who Portray Anakin Skywalker/Darth Vader in Film Jake Lloyd
30%
4-LOM
25%
Zuckuss
19%
Sebastian Shaw
17%
Rio Durant
12%
Val
12%
No matching quizzes found
Score Distribution
Percent of People with Each Score
Percentile by Number Answered
Your Score History
You have not taken this quiz